| 000 | nam a22 7a 4500 | ||
|---|---|---|---|
| 999 |
_c29576 _d29576 |
||
| 008 | 180420b xxu||||| |||| 00| 0 eng d | ||
| 020 | _a9781133808008 | ||
| 050 |
_aHB 172 _b.M36 2012 |
||
| 100 | _aMankiw,N. Gregory. | ||
| 245 | _aPrinciples of microeconomics / | ||
| 260 |
_aAustralia : _bCengage learning, _c2012. |
||
| 300 |
_axxiv, 503p. : _bill. ; _c25cm. |
||
| 500 | _aInclude index. | ||
| 650 | _aMicroeconomics. | ||
| 650 | _aEconomics. | ||
| 942 |
_2lcc _cBOOKS _hHB 172 .M36 2012 |
||